| 000 | 00553nam a22001577a 4500 | ||
|---|---|---|---|
| 003 | SISC | ||
| 005 | 20170628161229.0 | ||
| 008 | 170628b xxu||||| |||| 00| 0 eng d | ||
| 020 | _a9789719805991 | ||
| 050 |
_aHF 5438.4 _b.H153 2017 |
||
| 100 | _aHair, Joseph F> | ||
| 245 |
_aSales management : _bbuilding customer relationships and partnerships / _cJoseph F. Hair, Rolph E. Anderson, Rajiv Mehta, Barry J. Babin. |
||
| 260 |
_aQuezon City : _bC & E Publishing, Inc., _c2017. |
||
| 300 |
_axvii, 307 pages : _billustrations ; _c25 cm. |
||
| 942 |
_2lcc _cBK |
||
| 999 |
_c335253 _d335253 |
||